000 00537nam a2200205Ia 4500
008 160319s9999 xx 000 0 und d
020 _a9712715450
050 _a959.9
050 _bJ62q 2005
100 _aJoaquin, Nick
245 2 _aA question of heroes /
245 _cby Nick Joaquin.
260 _aPasig City :
260 _bAnvil Pub. Inc
260 _c2005
300 _a237 p. :
300 _billustrations :
650 _a Philippines -- Biography -- History and criticism
650 _aPhilippines -- Biography
999 _c292263
_d292263